Operation kamaliza. (Record no. 12732)
[ view plain ]
| 000 -LEADER | |
|---|---|
| fixed length control field | 00572cam a22002052 4500 |
| 001 - CONTROL NUMBER | |
| control field | 0000002754 |
| 005 - DATE AND TIME OF LATEST TRANSACTION | |
| control field | 20151217155817.0 |
| 008 - FIXED-LENGTH DATA ELEMENTS--GENERAL INFORMATION | |
| fixed length control field | 070419s xx 000 0 eng d |
| 020 ## - INTERNATIONAL STANDARD BOOK NUMBER | |
| International Standard Book Number | 9966470883 : |
| Terms of availability | KES 220 |
| 040 ## - CATALOGING SOURCE | |
| Original cataloging agency | KABU |
| Transcribing agency | KABU |
| 050 #0 - LIBRARY OF CONGRESS CALL NUMBER | |
| Classification number | PR9381.9 |
| Item number | .K38O64 |
| 100 1# - MAIN ENTRY--PERSONAL NAME | |
| Personal name | Katui, Munro. |
| -- | 0000152268 |
| 245 10 - TITLE STATEMENT | |
| Title | Operation kamaliza. |
| 260 ## - PUBLICATION, DISTRIBUTION, ETC. (IMPRINT) | |
| Place of publication, distribution, etc. | Nairobi : |
| Name of publisher, distributor, etc. | Phoenix, |
| Date of publication, distribution, etc. | 2003. |
| 300 ## - PHYSICAL DESCRIPTION | |
| Extent | 256 p. |
| 908 ## - PUT COMMAND PARAMETER (RLIN) | |
| Put command parameter | 070419 |
| 950 ## - LOCAL HOLDINGS (RLIN) | |
| -- | 1 |
| Withdrawn status | Lost status | Source of classification or shelving scheme | Not for loan | Home library | Current library | Date acquired | Total Checkouts | Full call number | Barcode | Date last seen | Date last checked out | Price effective from | Koha item type |
|---|---|---|---|---|---|---|---|---|---|---|---|---|---|
| Library of Congress Classification | Kabarak, Main Campus | Kabarak, Main Campus | 17/12/2015 | 9 | PR9381.9 .K38O64 | 003903 | 13/01/2026 | 28/11/2025 | 17/12/2015 | Africana Collection | |||
| Library of Congress Classification | Kabarak, Main Campus | Kabarak, Main Campus | 17/12/2015 | PR9381.9 .K38O64 | 17/12/2015 | 17/12/2015 | Africana Collection |